Maestri della batteria (I) (Record n. 99680)

Dettagli MARC
000 -LEADER
fixed length control field 04111njm a2200553Ia 4500
001 - CONTROL NUMBER
control field 25691
003 - CONTROL NUMBER IDENTIFIER
control field IT-RoPAU
005 - DATE AND TIME OF LATEST TRANSACTION
control field 20220918181119.0
008 - FIXED-LENGTH DATA ELEMENTS--GENERAL INFORMATION
fixed length control field 131025s9999 xx 000 0 und d
040 ## - CATALOGING SOURCE
Original cataloging agency IT-RoPAU
040 ## - CATALOGING SOURCE
Transcribing agency IT-RoPAU
999 ## - SYSTEM CONTROL NUMBERS (KOHA)
Koha Dewey Subclass [OBSOLETE] n.d.
100 ## - MAIN ENTRY--PERSONAL NAME
Personal name AA.VV.
9 (RLIN) 794
100 ## - MAIN ENTRY--PERSONAL NAME
Relator term Autore musica
9 (RLIN) 13721
100 ## - MAIN ENTRY--PERSONAL NAME
Miscellaneous information Codice autore musica SPICS: 12000
9 (RLIN) 796
245 ## - TITLE STATEMENT
Title Maestri della batteria (I)
250 ## - EDITION STATEMENT
Edition statement 2a ed.
260 ## - PUBLICATION, DISTRIBUTION, ETC. (IMPRINT)
Place of publication, distribution, etc. MILANO
260 ## - PUBLICATION, DISTRIBUTION, ETC. (IMPRINT)
Name of publisher, distributor, etc. MUSICA JAZZ
Date of publication, distribution, etc. 1983 [1a Ed.:]
300 ## - PHYSICAL DESCRIPTION
Extent DISCO
300 ## - PHYSICAL DESCRIPTION
Dimensions 48 minuti (Testo: pag.)
500 ## - GENERAL NOTE
General note Batteria strumento emblematico della musica jazz. Disco fuori commercio allegato al n. 7 '83 di "Musica jazz"
505 ## - FORMATTED CONTENTS NOTE
Formatted contents note Drums Improvisation n. 2 [(New York, 6 gennaio 1946) (Dodds Baby) (3:00)] - Twilight in Turkey [(New York, 15 aprile 1937) (Dorsey Tommy) (4:00)] - I Know That You Know [(New York, 18 marzo 1938) (Jones Jo) (4:00)] - Sing Sing Sing [(Hollywood, 6 luglio 1937) (Goodman Benny) (9:00)] - At Sundown (New York, 13 aprile 1938) (Freeman Bud) (3:00)] - Boff Boff [(Symphony Hall, Boston, 30 novembre 1947) (Armstrong Louis D.) (5:00)] - Caravan [(23 ottobre 1962) (Blakey Art) (4:00)] - Conversation [(4 settembre 1958) (Roach Max) (4:00)] - Six and Four [(11 luglio 1961) (Jones Elvin) (6:00)] - Gone, Gone, Gone [(18 novembre 1959) (Jones Philly Joe) (5:00)]
511 ## - PARTICIPANT OR PERFORMER NOTE
Participant or performer note Baby Dodds: batt.
511 ## - PARTICIPANT OR PERFORMER NOTE
Participant or performer note Erwin Pee Wee: tr; Dorsey Tommy: trne; Mince Johnny: cl; Freeman Bud: ten; Smith Howard: p; Mastren Carmen: chit; Traxier Gene: cb; Tough Dave: batt; Tommy Dorsey Clambake Seven con Dave Tough
511 ## - PARTICIPANT OR PERFORMER NOTE
Participant or performer note Clayton Buck: tr; Durham Eddie: trne, chit; Greene Freddie: chit; Page Walter: cb; Jones Jo: batt; Kansas City Five con Jo Jones
511 ## - PARTICIPANT OR PERFORMER NOTE
Participant or performer note James Harry: tr; Griffin Gordon: tr; Elman Ziggy: tr; McEachern Murray: trni; Ballard Sterling: trni; Goodman Benny: cl; Schertzer Herman: sax; Rollini Arthur: sax; Koenig George: sax; Musso Vido: sax; Stacy Jess: p; Goodman Benny: cb; Krupa Gene: batt; Benny Goodman Orchestra con Gene Krupa
511 ## - PARTICIPANT OR PERFORMER NOTE
Participant or performer note Freeman Bud: ten; Stacy Jess: p; Wettling George: batt; Bud Freeman Trio con George Wettling
511 ## - PARTICIPANT OR PERFORMER NOTE
Participant or performer note Armstrong Louis: tr; Teagarden Jack: trne; Bigard Barney: cl; Cary Dick: p; Shaw Arvell: cb; Catlett Sidney: batt; Louis Armstrong All Stars con Sidney Catlett
511 ## - PARTICIPANT OR PERFORMER NOTE
Participant or performer note Blakey Art: batt; Hubbard Freddie: tr; Fuller Curtis: trne; Shorter Wayne: ten; Walton Cedar: p; Workman Reggie: cb; Art Blakey's Jazz Messangers
511 ## - PARTICIPANT OR PERFORMER NOTE
Participant or performer note Roach Max: batt
511 ## - PARTICIPANT OR PERFORMER NOTE
Participant or performer note Jones Elvin: batt; Jones Hank: p; Davis Art: cb
511 ## - PARTICIPANT OR PERFORMER NOTE
Participant or performer note Jones Philly Joe: batt; Priester Julian: trne; Barron Bill: ten; Adams Pepper: bar; Coker Dolo: p; Garison Jimmy: cb
650 ## - SUBJECT ADDED ENTRY--TOPICAL TERM
Topical term or geographic name as entry element JAZZ [DISCHI]
Relator term Codice MATERIA SPICS: 9950
9 (RLIN) 13722
700 ## - ADDED ENTRY--PERSONAL NAME
Personal name Dodds Baby
Dates associated with a name Codice autore musica SPICS: 16258
Relator term Autore musica
Name of part/section of a work Drums Improvisation n. 2
9 (RLIN) 13723
700 ## - ADDED ENTRY--PERSONAL NAME
Personal name Scott B.
Dates associated with a name Codice autore musica SPICS: 15525
Relator term Autore musica
Name of part/section of a work Twilight in Turkey
9 (RLIN) 13724
700 ## - ADDED ENTRY--PERSONAL NAME
Personal name Youmans Vincent
Dates associated with a name Codice autore musica SPICS: 16157
Relator term Autore musica
Name of part/section of a work I Know That You Know
9 (RLIN) 13725
700 ## - ADDED ENTRY--PERSONAL NAME
Personal name Prima Louis
Dates associated with a name Codice autore musica SPICS: 27874
Relator term Autore musica
Name of part/section of a work Sing Sing Sing
9 (RLIN) 13726
700 ## - ADDED ENTRY--PERSONAL NAME
Personal name Donaldson
Dates associated with a name Codice autore musica SPICS: 14426
Relator term Autore musica
Name of part/section of a work At Sundown
9 (RLIN) 13727
700 ## - ADDED ENTRY--PERSONAL NAME
Personal name Hawkins Coleman
Dates associated with a name Codice autore musica SPICS: 16098
Relator term Autore musica
Name of part/section of a work Boff Boff
9 (RLIN) 13728
700 ## - ADDED ENTRY--PERSONAL NAME
Personal name Ellington Duke
Dates associated with a name Codice autore musica SPICS: 13023
Relator term Autore musica
9 (RLIN) 13729
700 ## - ADDED ENTRY--PERSONAL NAME
Personal name Mills Irving
Dates associated with a name Codice autore SPICS: 13027
Relator term Autore
Name of part/section of a work Caravan
9 (RLIN) 13730
700 ## - ADDED ENTRY--PERSONAL NAME
Personal name Tizol Juan
Dates associated with a name Codice autore testo/musica SPICS: 20356
Relator term Autore testo/musica
Name of part/section of a work Caravan
9 (RLIN) 13731
700 ## - ADDED ENTRY--PERSONAL NAME
Personal name Roach Max
Dates associated with a name Codice autore musica SPICS: 16225
Relator term Autore musica
Name of part/section of a work Conversation
9 (RLIN) 13732
700 ## - ADDED ENTRY--PERSONAL NAME
Personal name Nelson Oliver
Dates associated with a name Codice autore musica SPICS: 16375
Relator term Autore musica
Name of part/section of a work Six and Four
9 (RLIN) 13733
700 ## - ADDED ENTRY--PERSONAL NAME
Personal name Gershwin Ira
Dates associated with a name Codice autore musica SPICS: 10501
Relator term Autore musica
Name of part/section of a work Gone, Gone, Gone
9 (RLIN) 13734
700 ## - ADDED ENTRY--PERSONAL NAME
Personal name Gershwin George
Dates associated with a name Codice autore SPICS: 10668
Relator term Autore
Name of part/section of a work Gone, Gone, Gone
9 (RLIN) 13735
942 ## - ADDED ENTRY ELEMENTS (KOHA)
Koha item type DISCHI
Source of classification or shelving scheme Dewey Decimal Classification
Dati di copia
Withdrawn status Lost status Damaged status Not for loan Home library Current library Date acquired Total Checkouts Full call number Date last seen Price effective from Koha item type Public note
    Buone Condizioni Not For Loan SPICS-MEDIATECA SPICS-MEDIATECA 25/10/2013   25691 25/10/2013 25/10/2013 DISCHI Progr. Ins.: 5565 / N.Vol.: 1 / Copie: 1 - Copia rara: n.d. / date import: 01.01.2014 - By Epidotti, Trombetti, Vaglietti
CREDITS: SOCIETA' SAN PAOLO Via A.Severo, 58 - ROMA (RM) & PERIODICI SAN PAOLO SRL Via Giotto, 36 MILANO & CISF Via Giotto, 36 MILANO & EDIZIONI SAN PAOLO SRL,  Piazza Soncino, 5 CINISELLO BALSAMO (MI) -- ITALY